Botanische Makroreste = Botanical macro-remains = Macrorestes botaniques /

محفوظ في:

المؤلف الرئيسي: Schoch, Werner H. (مؤلف)

مؤلفون آخرون: Pawlik, Barbara., Schweingruber, Fritz Hans.

التنسيق: كتاب

اللغة: German
English
French

منشور في: Bern : Haupt, c1988.

الموضوعات:

الوسوم: إضافة وسم

لا توجد وسوم, كن أول من يضع وسما على هذه التسجيلة!

رقم الطلب: CC79.5 .P5 S36 1988

LEADER 01204namaa2200349 4500
001 23451
003 OSt
005 20251029090838.0
008 130303s1988 sz a b 001 0 ger d
020 |a 3258039747 
040 |c ARCE Library 
041 0 |a ger  |a eng  |a fre 
043 |a e----- 
050 4 |a CC79.5 .P5 S36 1988 
100 1 |a Schoch, Werner H.,  |e author 
245 1 0 |a Botanische Makroreste =   |b Botanical macro-remains = Macrorestes botaniques /   |c Werner H. Schoch, Barbara Pawlik, Fritz H. Schweingruber. 
246 3 1 |a Botanical macro-remains. 
246 3 1 |a Macrorestes botaniques. 
264 1 |a Bern :  |b Haupt,  |c c1988. 
300 |a 227 pages :  |b illustrations ;  |c 31 cm. 
500 |a Subtitle: An atlas for the determination of frequently encountered and ecologically important plant seeds. 
500 |a Includes indexes. 
504 |a Bibliography: p. 208-209. 
546 |a Text in German, English and French. 
650 0 |a Plant remains (Archaeology)  |z Europe  |v Atlases. 
650 0 |a Seeds, Fossil.  |9 12823 
650 0 |a Paleobotany. 
700 1 |a Pawlik, Barbara.  |9 37393 
700 1 |a Schweingruber, Fritz Hans.  |9 39569 
901 |a reviewed 
942 |c BK  |2 lcc 
999 |c 23514  |d 23514